00241nam a2200097Ia 4500082001600000100001700016245004300033250001400076260004300090300001000133 a428.24bHOR aHornby, A.S. aGuide to patterns and usage in english a2nd . Ed. bOxford University PressaN.Delhic2011 a238p.